Formalisierung versus Flexibilisierung: Strafrecht quo vadis?

Saved in:  
Bibliographic Details
Main Author: Albrecht, Peter-Alexis 1946- (Author)
Format: Print Article
Language:German
Published: 1993
In: Vom Guten, das noch stets das Böse schafft
Year: 1993, Pages: 255-267
Check availability: HBZ Gateway
Keywords:

MARC

LEADER 00000caa a2200000 c 4500
001 1526082799
003 DE-627
005 20240609215339.0
007 tu
008 160223s1993 xx ||||| 00| ||ger c
020 |a 3518286676 
035 |a (DE-627)1526082799 
035 |a (DE-576)456082794 
035 |a (DE-599)BSZ456082794 
040 |a DE-627  |b ger  |c DE-627  |e rakwb 
041 |a ger 
100 1 |a Albrecht, Peter-Alexis  |d 1946-  |0 (DE-588)121429059  |0 (DE-627)081300743  |0 (DE-576)160047188  |4 aut 
109 |a Albrecht, Peter-Alexis 1946-  |a Alʹbrecht, Peter-Aleksis 1946- 
245 1 0 |a Formalisierung versus Flexibilisierung  |b Strafrecht quo vadis?  |c Peter-Alexis Albrecht 
264 1 |c 1993 
336 |a Text  |b txt  |2 rdacontent 
337 |a ohne Hilfsmittel zu benutzen  |b n  |2 rdamedia 
338 |a Band  |b nc  |2 rdacarrier 
773 0 8 |i Aus  |t Vom Guten, das noch stets das Böse schafft  |b 1. Aufl.  |d Frankfurt am Main : Suhrkamp, 1993  |g (1993), Seite 255-267  |h 363 S.  |w (DE-627)123319692  |w (DE-576)033375631  |z 3518286676  |7 nnam 
773 1 8 |g year:1993  |g pages:255-267 
889 |w (DE-627)741118084 
935 |a mkri 
935 |i mdedup 
951 |a AR 
ELC |b 1 
LOK |0 000 xxxxxcx a22 zn 4500 
LOK |0 001 2899590812 
LOK |0 003 DE-627 
LOK |0 004 1526082799 
LOK |0 005 20260210115357 
LOK |0 008 160208||||||||||||||||ger||||||| 
LOK |0 040   |a DE-21-110  |c DE-627  |d DE-21-110 
LOK |0 689   |a s  |a Strafrecht 
LOK |0 689   |a s  |a Rechtsphilosophie 
LOK |0 689   |a s  |a Kriminalisierung 
LOK |0 689   |a s  |a Bagatellkriminalität 
LOK |0 852   |a DE-21-110 
LOK |0 852 1  |m p  |9 00 
LOK |0 935   |a k110 
LOK |0 938   |k p 
LOK |0 939   |a 08-02-16  |b l01 
ORI |a WA-MARC-krimdoka001.raw